000 00373nam a2200157Ia 4500
008 210210b1941 xxu||||| |||| 00| 0 eng d
041 _aeng
082 _a829/1178
100 _aUNDSET (Sigrid)
245 _aMadame Dorthea
260 _aLondon
_bCassell and Company Ltd
_c1941
650 _aMadame
650 _aDorthea
690 _aEnglish Fiction
906 _a017789
999 _c137773
_d137773